000 00794nam a2200241Ia 4500
003 OSt
005 20251118104227.0
008 220923b |||||||| |||| 00| 0 eng d
020 _a0761814779
037 _cGeneral Book
040 _aRTL
_cRTL
_beng
041 _2eng
_aeng
084 _aY:3(Q), P0
_qRTL
100 _aAdams, Walter Randolph
_9296080
245 0 _aAnthropology and theology: God, Icons and God-talk
260 _aMaryland
_bUniversity Press of America
_c2000
300 _axiii,502 p.
_bIncludes bibliographical references and index.
500 _aBibliography: P 425-469
650 _aSociology
_9851910
700 _a Salamone, Frank A.
_9296081
_eCo-author
942 _hY:3(Q), P0
_cGB
_2CC
_n0
999 _c589392
_d589392